|
|
|
|
| LEADER |
00000nam0a2200000 4500 |
| 001 |
81534 |
| 005 |
20231101213158.0 |
| 035 |
|
|
|a (RuTPU)RU\TPU\book\87641
|
| 090 |
|
|
|a 81534
|
| 100 |
|
|
|a 20050921d1949 m y0rusy50 ca
|
| 101 |
1 |
|
|a rus
|c ger
|
| 102 |
|
|
|a RU
|
| 105 |
|
|
|a a z 000zy
|
| 200 |
1 |
|
|a Методы органической химии
|e пер. с нем.
|h Т. 4. Вып. 1. Кн. 1
|f И. Губен
|g под ред. А. Я. Берлина, Г. И. Браза, Н. И. Гаврилова, Я. Ф. Комиссарова
|
| 210 |
|
|
|a Москва
|c Госхимиздат
|d 1949
|
| 215 |
|
|
|a 770 с.
|c ил.
|
| 606 |
1 |
|
|a Органическая химия
|2 stltpush
|3 (RuTPU)RU\TPU\subj\47309
|9 66362
|
| 610 |
1 |
|
|a нитрозогруппа
|
| 610 |
1 |
|
|a эфиры
|
| 610 |
1 |
|
|a нитросоединения
|
| 610 |
1 |
|
|a аминогруппы
|
| 610 |
1 |
|
|a имины
|
| 610 |
1 |
|
|a азотсодержащие соединения
|
| 610 |
1 |
|
|a аминокислоты
|
| 610 |
1 |
|
|a полипептиды
|
| 675 |
|
|
|a 547
|v 3
|
| 700 |
|
1 |
|a Губен
|b И.
|
| 702 |
|
1 |
|a Берлин
|b А. Я.
|4 340
|
| 702 |
|
1 |
|a Браз
|b Г. И.
|4 340
|
| 702 |
|
1 |
|a Гаврилов
|b Н. И.
|4 340
|
| 702 |
|
1 |
|a Комиссаров
|b Я. Ф.
|4 340
|
| 801 |
|
1 |
|a RU
|b 63413507
|c 20050921
|g PSBO
|
| 801 |
|
2 |
|a RU
|b 63413507
|c 20210607
|g PSBO
|
| 942 |
|
|
|c BK
|